| 000 | 00727nam a2200229Ia 4500 | ||
|---|---|---|---|
| 003 | GCL | ||
| 008 | 140319s9999 xx 000 0 ara d | ||
| 020 | _a1745345977 | ||
| 040 |
_aGCL / _cGCL |
||
| 082 | 0 | 4 |
_a616.71 _bج ك |
| 100 | 1 | _aجوميز . جوان | |
| 245 | 1 | 0 |
_aكيفية التعايش مع هشاشة العظام / _cجوميز . جوان |
| 250 | _aالاولى | ||
| 260 |
_aالقاهرة : _bدار الفاروق للنشر والتوزيع ، _c2004 |
||
| 300 |
_a320 ص ؛ _c19 سم |
||
| 490 |
_aصحة وعافية _v0 |
||
| 650 | 0 | 4 | _aالعظام - امراض |
| 650 | 0 | 4 | _aالعظام - لين |
| 650 | 0 | 4 | _aالعظام - هشاشة |
| 650 | 0 | 4 | _aالعظام - اشعة |
| 942 |
_2ddc _cBK |
||
| 999 |
_c7217 _d7217 |
||